LIBRARY & INFORMATION CENTRE, KCAET, TAVANUR

ONLINE PUBLIC ACCESS CATALOGUE (OPAC)

Secrets of the soil / (Record no. 13106)

MARC details
000 -LEADER
fixed length control field 00437cam a2200181ua 4500
041 ## - LANGUAGE CODE
Language code of text/sound track or separate title eng
082 ## - DEWEY DECIMAL CLASSIFICATION NUMBER
Classification number 631.43
Item number TOM/SE
100 ## - MAIN ENTRY--AUTHOR NAME
Personal name Tompkins, Peter .
245 ## - TITLE STATEMENT
Title Secrets of the soil /
260 ## - PUBLICATION, DISTRIBUTION, ETC. (IMPRINT)
Place of publication :
Name of publisher Rupa & Co ,
Year of publication 1989.
300 ## - PHYSICAL DESCRIPTION
Number of Pages 444 ; .
700 1# - ADDED ENTRY--PERSONAL NAME
Personal name Bird, Christopher .
942 ## - ADDED ENTRY ELEMENTS (KOHA)
Koha item type Books
Holdings
Withdrawn status Lost status Damaged status Home library Current library Date acquired Full call number Accession Number Koha item type
      KAUAET KAUAET 07/04/2012 631.43 21358 Books
free website counter